[Event "Mechanics' Spring TNM; 30/90, SD/30"]
[Site "San Francisco"]
[Date "2014.04.08"]
[Round "4.2"]
[White "Winslow, Elliott"]
[Black "Byambaa, Uyanga"]
[Result "1-0"]
[WhiteElo "2250"]
[BlackElo "2136"]
[Annotator "Donaldson"]
[PlyCount "103"]
[EventDate "2014.??.??"]

1. d4 Nf6 2. c4 g6 3. Nc3 Bg7 4. e4 d6 5. Nf3 O-O 6. Be2 e5 7. Be3 Ng4 8. Bg5
f6 9. Bh4 Nc6 10. d5 Ne7 11. Nd2 Nh6 12. f3 c5 13. dxc6 bxc6 14. b4 {So far so 
theory. Black has favored 14...Be6, 14...Kh8 and 14...Nf7 but Byambaa, true to
her aggressive nature opts for the sharpest approach. It's not clear that
Black's position is strong enough to support this advance.} d5 15. cxd5 cxd5
16. exd5 (16. Nxd5 {
was played in Magnus Carlsson (not that Carlsen!) - Howell, London 1993.})
16... Nhf5 17. Bf2 Bh6 18. Nde4 Kh8 19. Qd3 {Diagram #} (19. O-O Ne3 20. Qd3
Nxf1 21. Rxf1 {was a very interesting exchange sacrifice that looks quite
promising. White has c5 for his knight and a strong passed d-pawn.}) 19... Nd4
$1 20. Bxd4 exd4 21. Qxd4 Nf5 {
Diagram # Black has excellent compensation for the the sacrificed pawns.} 22.
Qd3 Ne3 23. g3 Ng2+ (23... Qb6 {looks more natural.}) 24. Kf2 Bh3 25. f4 Qb6+
26. Kf3 $2 {This looks to be where White goes wrong. Correct was} (26. Nc5 Qxb4
27. Ne6) 26... g5 (26... Rae8 {with ...f5 to follow was a strong alternative.})
27. Nf2 Rae8 (27... g4+ {was also interesting. One pretty point is} 28. Nxg4
Rg8 29. Ne3 Rae8 30. Nxg2 Bg4# $1) 28. Ncd1 {Diagram #} g4+ $1 29. Nxg4 Rg8 $1
30. Nge3 {Diagram # Black to play and win.} Nxf4 {Not bad but} (30... Bxf4 $3
31. gxf4 Nh4+ 32. Kf2 Rg2+ $1 33. Ke1 Qxb4+ 34. Nc3 Rxe2+ $1 35. Kxe2 Ng2 {
with unanswerable threats of ...Nxf4+ and capturing on e3 - so sayethStockfish.
}) 31. gxf4 Qxb4 32. Qc4 Qe7 $2 (32... Qd2 33. Qd3 Qb4 34. Qc4 $11 {
Stockfish. Now IM Winslow takes control.}) 33. Bf1 Qd7 34. Nf2 Bf5 35. Bd3 Bxd3
36. Qxd3 Qf7 37. Qf5 Rxe3+ 38. Kxe3 Qe7+ 39. Kf3 Qa3+ 40. Qd3 Qd6 41. Qd4 Qa3+
42. Qe3 Qa4 43. Rhd1 Re8 44. Qd4 Qa6 45. Re1 Rg8 46. Re6 Qa3+ 47. Re3 Qd6 48.
Rae1 Bxf4 49. Re6 Qa3+ 50. R1e3 Bxe3 51. Qxf6+ Rg7 52. Re8+ 1-0

[Event "Mechanics' SummerTNM; 30/90, SD/30"]
[Site "San Francisco"]
[Date "2014.06.17"]
[Round "4.3"]
[White "Winslow, Elliott"]
[Black "Doyle, Bryon"]
[Result "1-0"]
[WhiteElo "2235"]
[BlackElo "2056"]
[Annotator "Donaldson"]
[PlyCount "103"]
[EventDate "2014.??.??"]

1. Nf3 Nf6 2. c4 c5 3. Nc3 Nc6 4. d4 cxd4 5. Nxd4 g6 6. e4 Nxd4 (6... d6 7. Be2
({or} 7. f3 Nxd4) 7... Nxd4 {is another way to prevent Bd3/f4. See the next
note. This does allow the option of 7.Nc2.}) 7. Qxd4 d6 8. Bg5 Bg7 9. f3 (9.
Qd2 O-O 10. Bd3 {with f2-f4 to follow is the maximalist approach.}) 9... O-O
10. Qd2 Bd7 11. Rc1 Qb6 12. Be2 Bc6 13. Be3 Qc7 14. b4 b6 15. O-O Rfd8 16. Bg5
Qd7 17. Rfd1 Rac8 18. Qe3 Qe6 19. a4 Bb7 20. Nb5 a6 21. Nd4 Qd7 22. b5 axb5 23.
Nxb5 Rb8 24. e5 Ne8 25. exd6 Nxd6 26. Qxe7 Qxe7 27. Bxe7 Nxb5 28. Rxd8+ Rxd8
29. Bxd8 Bd4+ 30. Kf1 Nc3 31. Rxc3 Bxc3 32. Bxb6 Kf8 33. c5 Ke7 34. Bb5 Bd4 35.
Ke2 Ke6 36. Kd3 Bg1 37. Bc4+ Kd7 38. h3 (38. c6+ Bxc6 39. Bxg1 Bxa4 40. Bxf7 {
was even simpler but the text also guarantees the win.}) 38... f6 39. c6+ Bxc6
40. Bxg1 Bxa4 41. Kd4 h6 42. Bd3 g5 43. Ke4 Ke7 44. Kf5 Kf7 45. Bc4+ Kg7 46.
Bd4 Bc2+ 47. Ke6 Bh7 48. Ke7 h5 49. Bxf6+ Kh6 50. Kf8 Bg6 51. Bg7+ Kh7 52. Bg8#
1-0

[Event "Mechanics' Whitehead TNM; 30/90, SD/30"]
[Site "San Francisco"]
[Date "2014.09.30"]
[Round "9.2"]
[White "Winslow, Elliott"]
[Black "Goins, Demetrius"]
[Result "1-0"]
[WhiteElo "2254"]
[BlackElo "2159"]
[Annotator "Donaldson"]
[PlyCount "103"]
[EventDate "2014.??.??"]

1. e4 c5 2. Nf3 d6 3. d4 cxd4 4. Nxd4 Nf6 5. Nc3 a6 6. Be2 e5 7. Nb3 Be6 8. f4
Qc7 9. f5 Bc4 10. g4 h6 11. Be3 Nbd7 12. Bf3 b5 13. a3 Be7 14. Qd2 Rb8 15. Nd5
$2 (15. h4 {seems more consistent. The text is premature.}) 15... Bxd5 (15...
Nxd5 {also looks good. One possible variation is} 16. exd5 Bf6 17. Be4 (17. h4
e4) 17... Bh4+ 18. Bf2 Nf6 19. Bxh4 Nxe4 20. Qe3 Bxd5 $19) 16. exd5 Nb6 (16...
e4 17. Be2 Ne5 $17) 17. Bxb6 Qxb6 18. a4 e4 19. Be2 Qb7 20. axb5 axb5 21. Rd1
O-O 22. O-O (22. Na5) 22... b4 (22... Bd8 {
activating the bishop on b6 was strong.}) 23. Kg2 Rfe8 (23... Bd8 {or}) (23...
Ra8 {preparing ...Ra2.}) 24. Na5 Qb6 25. Nc6 Rbc8 26. Nxb4 e3 27. Qd4 Rc5 (
27... Bd8 28. Qxb6 Bxb6 {offers counterplay for the pawn.}) 28. c3 Bf8 29. Rfe1
Re5 (29... Re4 {was the last chance to put up some resistance.}) 30. Bf3 Qb5
31. Rxe3 (31. Qd3 $142) 31... Rc4 32. Qd2 Nxg4 33. Rxe5 dxe5 $2 (33... Nxe5 {
would have kept Black in the game. After the text the rest is technique for
the veteran IM.}) 34. h3 Bxb4 35. hxg4 Rd4 36. Qe2 Qxe2+ 37. Bxe2 Rxd1 38. Bxd1
Bc5 39. Kf3 Kf8 40. Ke4 f6 41. Kd3 Ke7 42. Kc4 Kd6 43. Bf3 Bf2 44. Be4 Be1 45.
Kb5 Bd2 46. c4 Be3 47. b4 Bd4 48. c5+ Kc7 49. d6+ Kd7 50. Kb6 Be3 51. Kb7 Bd2
52. c6+ 1-0

[Event "Mechanics' SummerTNM; 30/90, SD/30"]
[Site "San Francisco"]
[Date "2014.06.03"]
[Round "2.2"]
[White "Winslow, Elliott"]
[Black "Grey, Peter"]
[Result "1-0"]
[WhiteElo "2235"]
[BlackElo "2000"]
[PlyCount "65"]
[EventDate "2014.??.??"]

1. Nf3 Nf6 2. c4 g6 3. Nc3 Bg7 4. e4 d6 5. d4 O-O 6. Be2 e5 7. d5 a5 8. Bg5 h6
9. Bh4 Na6 10. Nd2 Qe8 11. a3 Bd7 12. b3 Nc5 13. O-O Nh7 14. f3 f5 15. Qc2 Nf6
16. b4 Na4 17. Nb5 Bxb5 18. cxb5 Nb6 19. bxa5 Rxa5 20. Qxc7 Qd8 21. Qxd8 Rxd8
22. Bf2 Nfd7 23. Rfc1 Rc8 24. Rxc8+ Nxc8 25. a4 Ncb6 26. Bd1 Nc5 27. Kf1 Ra8
28. Bxc5 dxc5 29. a5 Nc8 30. Nc4 Bf8 31. a6 bxa6 32. Rxa6 Rxa6 33. bxa6 1-0

[Event "Mechanics' Whitehead TNM; 30/90, SD/30"]
[Site "San Francisco"]
[Date "2014.09.02"]
[Round "5.3"]
[White "Winslow, Elliott"]
[Black "Klinetobe, David"]
[Result "1-0"]
[WhiteElo "2254"]
[BlackElo "2017"]
[Annotator "Donaldson"]
[PlyCount "91"]
[EventDate "2014.??.??"]

1. d4 Nf6 2. c4 e6 3. Nf3 b6 4. Nc3 Bb4 5. Bg5 h6 6. Bh4 g5 7. Bg3 Ne4 8. Qc2
Bb7 9. e3 d6 10. Bd3 Bxc3+ 11. bxc3 f5 12. d5 exd5 (12... Nd7 {
is a popular alternative.}) 13. Nd4 (13. cxd5 Bxd5 14. Nd4 Qf6 15. f3 Nxg3 16.
hxg3 Nd7 17. Bxf5 {has been tested many times.}) 13... Qf6 14. f3 (14. cxd5
Bxd5 15. f3 Nxg3 16. hxg3 Nd7 17. Bxf5 {
transposes to the line given in the last note.}) 14... Nc5 (14... Nxg3 15. hxg3
Nd7 {was an alternative way of handling the position.}) 15. cxd5 Bxd5 16. Bxf5
Nbd7 17. O-O-O (17. Nb5 O-O-O (17... Kd8 $5 {(Houdini)}) 18. Rd1 (18. Nxa7+ Kb7
$11 {Gheorghiu-Speelman, London 1980}) 18... Be6 19. Be4 $14 {
Ribli-Seirawan, Malta (ol) 1980.}) 17... Bc4 (17... O-O-O 18. Nb5 $14 {
Ribli-Fercec, Bihac 1999. Black needs to keep an eye out for Rxd6 shots if he
moves his bishop on d5.}) 18. h4 O-O-O 19. Nc6 Rde8 20. hxg5 hxg5 21. Rxh8 Qxh8
22. e4 Kb7 23. Nd4 Ne5 24. Bxe5 Qxe5 25. Nb3 Na4 26. Bd7 {Diagram #} Bxb3 $2 ({
Both sides have played well to this point and} 26... Nxc3 27. Bxe8 Ne2+ 28. Kb1
(28. Kd2 $2 Qf4+ 29. Ke1 Qe3 $19) 28... Nc3+ {
with a draw by perpetual check would have been a logical conclusion.}) 27. axb3
Nc5 28. Bxe8 Qxe8 29. b4 Ne6 30. Rd5 Qh8 31. Qd2 Nf4 32. Rf5 Qg8 33. Kb2 Qc4
34. Rxg5 Nd3+ 35. Ka1 a5 36. Rd5 Ne5 37. Rxe5 $6 (37. bxa5 Qf1+ 38. Qd1 Qxg2
39. axb6 Nc4 (39... Kxb6 40. Qb3+ $18) 40. Rb5 Nxb6 {and White is winning
although Black has some practical chances if the first player is not careful.
The text simplifies the position but gives Black some drawing chances.}) 37...
Qf1+ 38. Kb2 dxe5 39. bxa5 bxa5 40. Ka3 Qa1+ 41. Kb3 a4+ $2 (41... c6 {
leaves White with a tough technical task.}) 42. Kb4 a3 43. Kb3 $1 Kb6 44. c4 c6
45. c5+ Kxc5 46. Qb4# 1-0

[Event "Mechanics' Winter TNM; 30/90, SD/30"]
[Site "San Francisco"]
[Date "2014.02.18"]
[Round "7.4"]
[White "Winslow, Elliott"]
[Black "Krasnov, Steven"]
[Result "1-0"]
[WhiteElo "2281"]
[BlackElo "1953"]
[PlyCount "105"]
[EventDate "2014.??.??"]

1. d4 Nf6 2. c4 e6 3. Nc3 d5 4. Bg5 Be7 5. e3 c6 6. Nf3 Nbd7 7. Qc2 h6 8. Bf4
O-O 9. h3 a6 10. g4 dxc4 11. Bxc4 b5 12. Be2 c5 13. O-O Bb7 14. dxc5 Nxc5 15.
a3 Rc8 16. Rad1 Qb6 17. Nd2 Rfd8 18. Qb1 Rd7 19. Be5 Rcd8 20. Bd4 e5 21. Bxc5
Bxc5 22. Nf3 Qe6 23. Qf5 Rxd1 24. Rxd1 Re8 25. Qxe6 Rxe6 26. Rd8+ Kh7 27. Nd2
g6 28. Nb3 Bb6 29. Rb8 Bd5 30. Nxd5 Nxd5 31. a4 Bc7 32. Rb7 bxa4 33. Nc5 Rb6
34. Ra7 Rxb2 35. Bf3 Bd6 36. Rxf7+ Kh8 37. Nd7 Rb7 38. Bxd5 Rc7 39. Nb6 a3 40.
Rxc7 Bxc7 41. Na4 Bd6 42. Nc3 Kg7 43. Kg2 Kf6 44. Kf3 Bb4 45. Na2 Bd6 46. h4 a5
47. Nc3 Bb4 48. Ne4+ Ke7 49. Ba2 a4 50. h5 g5 51. Ke2 Kf8 52. Kd3 Be1 53. Kc4
1-0

[Event "Mechanics' Spring TNM; 30/90, SD/30"]
[Site "San Francisco"]
[Date "2014.04.22"]
[Round "6.1"]
[White "Winslow, Elliott"]
[Black "Lee, Andy"]
[Result "0-1"]
[WhiteElo "2250"]
[BlackElo "2320"]
[Annotator "Donaldson"]
[PlyCount "121"]
[EventDate "2014.??.??"]

1. d4 d5 2. c4 c6 3. Nf3 Nf6 4. Nc3 dxc4 5. a4 Na6 6. Ne5 $6 (6. e4) 6... Nb4 (
6... Ng4 $1 7. Nxc4 e5 8. dxe5 (8. Nxe5 Nxe5 9. dxe5 Qxd1+ 10. Nxd1 Bf5 {
leaves Black with excellent compensation for the pawn.}) 8... Qxd1+ 9. Nxd1 Nb4
10. Nde3 Bc5 {leaves White tied up.}) 7. e3 Bf5 8. Bxc4 e6 9. O-O Be7 10. Qe2
h6 11. Rd1 Bc2 12. Rd2 Bh7 13. e4 O-O 14. Rd1 Qa5 15. Bf4 Rad8 16. Bb3 Na6 (
16... Nd7 {is more typical in these positions. Sometimes Black plays ...Kh8
and ...f5. The late Tony Miles and the San Diego IM Cyrus Lakdawala have
experimented with similar positions via 5...Bf5 6.Ne5 Na6.}) 17. f3 Qb4 18. Qc4
(18. Bc4 $1 {looks like a much better way to address the threat to the d-pawn.}
) 18... Qxc4 19. Bxc4 Nb4 20. Rac1 Nd7 21. Nxd7 $6 (21. Kf2 $14) 21... Rxd7 22.
Be3 Rc8 23. Rd2 Bd8 24. Rcd1 Bb6 25. Kf2 Re8 26. g4 Rde7 27. Ke2 Nd5 28. Bf2 h5
29. g5 Ba5 30. Rc1 Bc7 31. Bxd5 $2 (31. Bg3 $1) 31... exd5 32. e5 Ba5 33. Rdd1
Bf5 34. Rg1 Kh7 35. Nd1 Bb6 36. b4 a5 37. bxa5 Bxa5 38. Ne3 Bg6 39. f4 Be4 (
39... Bb6 $5 {Stockfish is interesting.} 40. f5 Bxd4 41. fxg6+ Kxg6 42. Kd3
Bxe5 {leads to a sharp position that looks good for Black with his
well-coordinated forces and three pawns for the piece.}) 40. f5 $2 (40. Nf1)
40... g6 (40... Ra8 $1 41. f6 Rc7 42. Bg3 Rcc8 43. Nf1) 41. f6 Rc7 42. Bg3 Rcc8
43. Nf1 Ra8 44. Bf4 Bf5 45. Ke3 Bb6 46. Ra1 c5 47. Ng3 cxd4+ 48. Kd2 Ba5+ 49.
Ke2 d3+ 50. Kf2 Bb6+ 51. Be3 d4 52. Bf4 Bg4 53. Rgb1 Ba5 54. Ne4 Rec8 55. Rxb7
Rc2+ 56. Kg3 Be6 57. Rd1 Bd5 58. Rd7 Bxe4 59. Rxf7+ Kh8 60. e6 Rg2+ 61. Kh3 0-1

[Event "Mechanics' SummerTNM; 30/90, SD/30"]
[Site "San Francisco"]
[Date "2014.07.01"]
[Round "6.1"]
[White "Winslow, Elliott"]
[Black "Lee, Andy"]
[Result "0-1"]
[WhiteElo "2235"]
[BlackElo "2320"]
[Annotator "Donaldson"]
[PlyCount "114"]
[EventDate "2014.??.??"]

1. d4 Nf6 2. c4 g6 3. Nc3 Bg7 4. e4 d6 5. f3 O-O 6. Bg5 c5 7. d5 e6 8. Qd2 exd5
9. cxd5 Na6 10. Nge2 Rb8 11. Ng3 Nc7 12. a4 a6 13. a5 Bd7 14. Be2 Nb5 15. O-O
Nd4 16. Bd1 b5 17. axb6 Qxb6 18. Rf2 Rfc8 19. Bh6 Bh8 20. Nf1 Bb5 21. Ne3 Re8
22. Nb1 Nd7 23. Na3 Qd8 24. Nec4 Ne5 25. Nxe5 Bxe5 26. Bf4 Qf6 27. Bg5 Qh8 28.
Rc1 h6 29. Be3 (29. Bxh6 Bd3 30. Bf4 Rxb2 $11) 29... Rbc8 30. Bxh6 {Diagram #}
Bxh2+ 31. Kxh2 Re5 32. g4 g5 33. Kg3 Qxh6 34. Rh2 Qf6 35. Nc4 Bxc4 36. Rxc4 Re7
37. Rh5 Qe5+ 38. f4 $2 (38. Kg2 f6 $11) 38... Qxf4+ (38... Qxe4 $19) 39. Qxf4
gxf4+ 40. Kxf4 Rce8 41. Bf3 Rb7 42. Ra4 Rb3 43. Rh3 {Diagram #} Ne2+ $1 44.
Bxe2 Rxh3 45. Rxa6 Rd8 46. Bc4 Rh2 47. b3 Rf2+ 48. Kg5 $2 (48. Ke3) 48... Kg7
49. Ra7 Re8 50. Rd7 Rxe4 51. Rxd6 Rff4 52. Rd7 Rxg4+ 53. Kf5 Rgf4+ 54. Kg5 Rf6
55. Rc7 Re1 56. Rc6 Rg1+ 57. Kh4 Rfg6 0-1

[Event "Mechanics' Fall TNM; 30/90, SD/30"]
[Site "San Francisco"]
[Date "2014.10.28"]
[Round "2.1"]
[White "Winslow, Elliott"]
[Black "Manvelyan, Hovik"]
[Result "1-0"]
[WhiteElo "2262"]
[BlackElo "2005"]
[PlyCount "73"]
[EventDate "2014.??.??"]

1. e4 e6 2. d4 d5 3. Nc3 Bb4 4. e5 Qd7 5. Nge2 b6 6. a3 Bxc3+ 7. Nxc3 Ba6 8.
Bxa6 Nxa6 9. Qg4 Kf8 10. Qe2 Nb8 11. O-O Nc6 12. Be3 Nge7 13. Rad1 h5 14. Qf3
Nf5 15. Ne2 Nce7 16. Nf4 g6 17. Ne2 Nxe3 18. fxe3 Rh7 19. c4 c6 20. b3 b5 21.
Nc3 Rg7 22. e4 bxc4 23. bxc4 Kg8 24. Na4 dxe4 25. Qxe4 Qc7 26. Nc5 Nf5 27. Rd3
a5 28. g3 Kh7 29. Qf4 Rgg8 30. h3 Qe7 31. g4 Nh6 32. Ne4 g5 33. Nf6+ Kh8 34.
Qe4 Rg6 35. Qxc6 Rb8 36. Nxh5 Ng8 37. Rdf3 1-0

[Event "Mechanics' Fall TNM; 30/90, SD/30"]
[Site "San Francisco"]
[Date "2014.11.18"]
[Round "4.1"]
[White "Winslow, Elliott"]
[Black "Niemann, Hans"]
[Result "0-1"]
[WhiteElo "2262"]
[BlackElo "2135"]
[Annotator "Winslow"]
[PlyCount "112"]
[EventDate "2014.??.??"]

1. d4 Nf6 2. c4 g6 3. g3 Bg7 4. Bg2 O-O 5. Nc3 d6 6. Nf3 c6 7. O-O Qa5 8. h3 (
8. e4 $1 Bg4 (8... e5) (8... Qh5) 9. h3 Bxf3 10. Bxf3 (10. Qxf3 $5 Nfd7)) 8...
e5 (8... Be6 9. Nd2) 9. e4 exd4 (9... Nbd7 10. Re1 (10. Be3 exd4 11. Nxd4 Ne5 (
11... Nb6))) 10. Nxd4 Qc5 (10... Qb4 $6 11. Qe2 $1) 11. Nb3 Qxc4 (11... Qb4 $5
12. Bf4 (12. Be3 $5 a5 13. Nd2 (13. e5)) 12... Ne8) 12. Qxd6 Ne8 $6 (12... a5)
(12... Na6) (12... Nbd7 $5 13. Be3) 13. Qc5 $6 (13. Qe7 Na6 14. Be3 Bf6 15. Qa3
b5 16. Rac1 Qe6 17. Ne2 Be7 18. Nc5 Nxc5 19. Bxc5 Nd6 20. Nd4 Qd7 21. Nxc6 Qxc6
22. e5 Nc4 23. Bxc6 Nxa3 24. Bxe7 Bxh3 25. Bxa8 {
1-0 (25) Kirov,N (2465)-Van den Bergh,B Velp 1978}) (13. Qd1 Be6 14. Be3 Na6
15. Rc1 Qb4 16. Qc2 f5 17. Rfd1 Bxb3 18. axb3 Nd6 19. Na2 Qa5 20. Rxd6 Qxa2 21.
Rd7 Qxb2 22. Qc4+ Kh8 23. Rxb7 f4 24. gxf4 g5 25. Rxg7 Qxg7 26. Bd4 Rf6 27.
fxg5 Qxg5 28. Bxf6+ {
1-0 (28) Kashlinskaya,A (2276)-Maidanova,I (1871) Moscow 2008}) 13... Qa6 (
13... Qxc5 14. Nxc5 Nd7) 14. Re1 (14. Rd1) 14... Nd7 15. Qe3 Nd6 16. Bf1 Qb6
17. Qe2 Re8 18. Qc2 Ne5 19. Kg2 Nec4 20. Bf4 Be6 21. Rad1 (21. Red1) (21. Na4
Qb4 22. Nbc5 b5 23. a3 Qa5 24. b4 Qd8 25. Nxe6) 21... Rad8 22. g4 (22. Na4 Qb4
23. Nbc5 b5 24. Nxe6 (24. a3 Qa5 25. Nxe6 Rxe6 26. Nc5 Ree8 27. Bxc4 (27. Bxd6)
) 24... fxe6 25. e5) (22. e5 Nxe5) 22... Qb4 23. Bc1 Nb5 24. Nxb5 cxb5 25. f4
Rxd1 (25... Bxb2 26. Bxc4 bxc4 27. Bxb2 cxb3 28. axb3 Bxb3 29. Rxd8 Rxd8 30.
Qc3 Qxc3 31. Bxc3 Rc8) 26. Rxd1 Rc8 (26... Bxb2 27. f5 gxf5 28. Bxc4 Qxc4 29.
Qxb2 $11) 27. Qf2 Nd6 28. e5 Qe4+ (28... Ne4 29. Qe1 Qa4) 29. Kg3 (29. Qf3 Rc2+
30. Kg3 Bd5 31. Be2 Bc6 32. Rxd6 Qxe2 33. Qxe2 Rxe2 34. Nd4) 29... Nc4 30. Bd3
Qd5 31. Be2 Qc6 32. Nd4 Qb6 33. Nxe6 (33. b3 Nd6 34. Bf3 Rc3 35. Kg2) 33...
Qxe6 34. Bf3 (34. b3) 34... g5 35. Bxb7 gxf4+ 36. Bxf4 Re8 37. Bd5 Qg6 38. b3 (
38. Bxc4 bxc4 39. Qxa7 Bxe5 $4 40. Bxe5 Rxe5 41. Qb8+) 38... Nb6 39. Qd4 Qc2 (
39... Nxd5 40. Qxd5) 40. Rd2 (40. Bf3 Qxa2 41. Qb4) 40... Qc7 41. e6 Bxd4 42.
exf7+ Qxf7 43. Bxf7+ Kxf7 44. Rxd4 Re2 45. Rd2 Re1 46. h4 Rg1+ 47. Kf3 Rh1 48.
h5 Rh3+ 49. Ke4 Rc3 50. Be3 (50. Bb8 $18) 50... Rc6 51. g5 (51. Bxb6) 51... Ke6
52. Bxb6 Rxb6 53. Rf2 Ke7 54. Kf5 Rd6 55. g6 $4 hxg6+ $4 (55... Rf6+ 56. Kg5
Rxf2 57. gxh7 Rf8 58. Kg6 b4 59. Kg7 Rh8 $3) 56. hxg6 $4 Rf6+ 0-1

[Event "Mechanics' Whitehead TNM; 30/90, SD/30"]
[Site "San Francisco"]
[Date "2014.08.19"]
[Round "3.13"]
[White "Winslow, Elliott"]
[Black "Poling, Scott"]
[Result "1-0"]
[WhiteElo "2254"]
[BlackElo "1677"]
[Annotator "Winslow"]
[PlyCount "69"]
[EventDate "2014.??.??"]

1. e4 e6 2. d4 d5 3. Nc3 Nf6 4. e5 Nfd7 5. f4 c5 6. Nf3 Nc6 7. Be3 a6 8. Qd2 b5
9. h4 (9. dxc5 Bxc5 10. Bxc5 Nxc5 11. Qf2 (11. O-O-O Qb6) 11... Qb6 12. b4 Nxb4
13. Rb1 d4 (13... Nc6 14. Bxb5) 14. Nxd4 Ne4 15. Nxe4 Qxd4 16. Nd6+ Ke7) (9. a3
) 9... f6 $5 $146 (9... Bb7 {"!" Anand-Dreev, Madras m7 1991}) (9... b4 $5 10.
Nd1 $5 {3-2 but only played by 2200s} (10. Ne2 {
3-7; Anand, Karjakin, Blatny all lost games})) (9... Qb6) 10. O-O-O $6 b4 11.
Ne2 c4 (11... Qa5) 12. f5 (12. Qe1 $5) (12. Kb1) ({My scoresheet says} 12. c3 {
!?!?}) 12... Qa5 13. Kb1 c3 14. Qe1 Nb6 15. b3 Be7 16. Nf4 fxe5 17. Nxe5 Nxe5
18. dxe5 Bc5 19. fxe6 Bxe3 20. Qxe3 O-O 21. e7 Re8 22. Nxd5 Nxd5 23. Rxd5 Qa3
24. Qc1 Qxc1+ 25. Kxc1 Be6 26. Rd6 Rxe7 27. Bxa6 Rea7 28. Rxe6 Rxa6 29. Rxa6
Rxa6 30. a4 (30. Kb1 $5 {so I can play a3 if ...Rg6!?}) 30... bxa3 (30... Rg6)
31. Kb1 Rg6 32. Rh3 Rxg2 33. Rxc3 Kf7 34. b4 Rg4 35. b5 1-0

[Event "Mechanics' Fall TNM; 30/90, SD/30"]
[Site "San Francisco"]
[Date "2014.12.02"]
[Round "6.9"]
[White "Winslow, Elliott"]
[Black "Royzen, Igor"]
[Result "1-0"]
[WhiteElo "2262"]
[BlackElo "1857"]
[Annotator "Winslow"]
[PlyCount "59"]
[EventDate "2014.??.??"]

1. d4 Nf6 2. c4 c5 3. d5 b5 4. Nf3 g6 5. cxb5 a6 6. b6 Qxb6 7. Nc3 d6 8. e4 Bg4
9. Qa4+ Bd7 10. Qc2 Bg7 (10... Bb5 11. Qb3 Nbd7 12. Bxb5 axb5 13. Qxb5 Qxb5 14.
Nxb5 {xc7}) 11. Nd2 O-O 12. Be2 e6 (12... Bb5 $5 {I intended} 13. Qb3 ({
Stockfish finds} 13. Bf3 $1 Re8 14. a4 Bd7 {and now any of} 15. -- {
to stop ... Bg4} (15. Nc4 Qc7 16. Ne3) (15. Qd1) (15. Be2) (15. h3)) 13... Nbd7
14. Nxb5 axb5 15. Qxb5 Qxb5 16. Bxb5 {, but} Rfb8 $44) 13. Nc4 Qc7 14. Bf4 e5
15. Bg5 a5 $2 16. O-O (16. Qd2 Kh8 17. O-O Ng8 18. a4 f5 19. f4 h6 20. fxe5
hxg5 21. e6 Be8 22. Qxg5) 16... Na6 (16... h6 17. Be3 Ne8) (16... Ra6) 17. a3 (
17. Qd2 $1) 17... Rfb8 18. f4 exf4 19. Bxf4 Ne8 20. Qd2 Rb7 21. Rab1 (21. Rf2)
21... Rb3 22. e5 $1 dxe5 23. d6 $2 (23. Bh6 $1 Nd6 24. Nxd6 Qxd6 25. Ne4 $18)
23... Nxd6 $1 24. Nxd6 $6 (24. Nd5 $1 $18 Ne4 $8 (24... Qd8 25. Bg5 $1 Ne4 26.
Bxd8 Nxd2 27. Nxd2 Bb5 28. Bxb5 Rxb5 29. Nf6+ Kh8 (29... Kf8 30. Nxh7+ (30.
Nd7+) (30. a4) 30... Kg8 31. Nf6+ Kf8 32. Nd7+ (32. a4)) 30. Be7) (24... Nxc4
25. Bxc4 Qb8 26. Bh6 Be8 27. Ne7+ Kh8 (27... Kf8 28. Qd5)) 25. Qc2 Qb7 26. Ne7+
Kh8 (26... Kf8 27. Nxa5 Qa7 28. Nec6 $1)) (24. Bxe5 Nxc4 25. Bxc4 Qxe5 26.
Bxf7+ Kh8 27. Bxb3 Qd4+ 28. Rf2 $16) (24. Bg5 Nxc4 25. Bxc4 Be6 26. Nd5 Qa7 (
26... Qb7) (26... Qb8) 27. Bxb3 c4+ 28. Be3 Bh6 29. Bxc4 Bxd5 30. Qxd5 Bxe3+
31. Kh1 Rf8 32. Qxe5) 24... exf4 $1 25. Qxf4 Be6 26. Ncb5 Qe7 (26... Qd7 $1 27.
Rbd1 (27. Bc4 Bxc4 $1 28. Qxc4 Qe6 $1 {the move I missed}) 27... Rxb2 28. Qf3
Rf8 29. Nf5 Bxf5 $1) 27. Qe4 $1 Rd8 $2 28. Rxf7 $1 Qxf7 29. Nxf7 Bxf7 30. Bc4
$138 {He just let his time run out... 1-0 Winslow,E (2262)-Royzen,I/San
Francisco 2014/ [Winslow,Elliott]} 1-0

[Event "Mechanics' Spring TNM; 30/90, SD/30"]
[Site "San Francisco"]
[Date "2014.03.25"]
[Round "2.3"]
[White "Winslow, Elliott"]
[Black "Sherwood, Peter"]
[Result "1-0"]
[WhiteElo "2250"]
[BlackElo "1808"]
[PlyCount "99"]
[EventDate "2014.??.??"]

1. e4 e5 2. Nf3 Nc6 3. Bb5 a6 4. Ba4 Nf6 5. O-O Be7 6. Re1 O-O 7. Bxc6 dxc6 8.
Nxe5 Re8 9. Nf3 Bg4 10. h3 Bh5 11. d3 h6 12. e5 Nd5 13. Nc3 Nxc3 14. bxc3 Qd5
15. g4 Bg6 16. c4 Qd7 17. Bb2 c5 18. a4 a5 19. e6 Qd8 20. Ne5 Bf6 21. Nxf7 Bxf7
22. exf7+ Kxf7 23. Qf3 Rxe1+ 24. Rxe1 c6 25. Bxf6 Qxf6 26. Qxf6+ Kxf6 27. f4
Rd8 28. Kf2 Rd7 29. Kf3 Re7 30. Rb1 g6 31. Kf2 Kf7 32. Re1 Rxe1 33. Kxe1 Ke7
34. Kd2 Kf6 35. c3 Ke6 36. d4 cxd4 37. cxd4 Kd6 38. Kd3 b6 39. Ke4 Ke6 40. c5
bxc5 41. dxc5 Kf6 42. f5 gxf5+ 43. gxf5 Kf7 44. Ke5 Ke7 45. f6+ Kf7 46. Kf5 h5
47. h4 Kf8 48. Kg6 Kg8 49. Kxh5 Kf7 50. Kg5 1-0

[Event "Mechanics' Fall TNM; 30/90, SD/30"]
[Site "San Francisco"]
[Date "2014.12.16"]
[Round "8.4"]
[White "Winslow, Elliott"]
[Black "Tsodikova, Natalya"]
[Result "0-1"]
[WhiteElo "2262"]
[BlackElo "2162"]
[Annotator "Donaldson"]
[PlyCount "76"]
[EventDate "2014.??.??"]

1. d4 Nf6 2. c4 g6 3. Nc3 Bg7 4. e4 d6 5. f3 O-O 6. Be3 Nc6 7. Nge2 a6 8. Qd2
Rb8 9. h4 h5 10. Bh6 b5 11. Nd5 (11. O-O-O {and}) (11. Bxg7 {
are White's usual choices here.}) 11... bxc4 12. Bxg7 Kxg7 13. Nxf6 exf6 14.
Rc1 $2 (14. Nf4 f5 15. Bxc4 Re8 16. O-O Qxh4 17. Rac1 {
with compensation for the pawn is Houdini's choice.}) 14... d5 $1 15. Nf4 Re8
16. Be2 dxe4 17. Rxc4 exf3 18. gxf3 Ne7 19. Rg1 Kh7 20. Kf2 Bf5 21. b3 Qd6 22.
Rgc1 c6 23. Rc5 Rbd8 24. Bxa6 Ra8 25. Bc4 {Diagram #} Rxa2 $1 26. Qxa2 Qxd4+
27. Kg3 Qxc5 28. Qd2 Qe5 29. Re1 Qc7 30. Kg2 Kg7 31. Ne2 Qd7 32. Qc3 Rd8 33.
Ra1 Be6 34. Bxe6 Qxe6 35. Ng3 Nd5 36. Qa5 Nf4+ 37. Kf2 Re8 38. Ne4 Qh3 0-1